| 000 | 01576cam a2200241 4500 | ||
|---|---|---|---|
| 001 | ##L132096 | ||
| 008 | 060106n2006 000 0 eng u | ||
| 020 | _a9781842192809 | ||
| 035 | _a(Sirsi) u132096 | ||
| 041 | 0 | _aeng | |
| 050 | _a711.1 $2 18 | ||
| 100 | 1 | _aKarim, Md Rezaul | |
| 245 | 0 | 0 |
_aImpact of the small scale real estate business on the urbanization pattern of the third world cities _ba case study of Khulna city, Bangladesh |
| 260 |
_aLondon _bRICS _c2006 |
||
| 490 |
_aRICS Research Paper Series _v6(3) October 2006 |
||
| 505 | 2 | _aStudy areas and data sources -- The housing situation in Khulna City --Relative prices of housing services --Urban growth patterns of the city and the locations of private real estate businesses -- Impacts of private real estate developments on patterns of urbanisation -- The globalisation of Khulna City and its impact on real estate -- National policy guidelines -- Legal and regulatory framework vis-a-vis organisational arrangements. | |
| 520 | _aAims to identify the causes of the growth of the small-scale private real estate business and its impacts on the urbanization patterns of Khulna city, Bangladesh in context of sustainable urban planning. Khulna is the third largest metropolitan and industrial city of Bangladesh. | ||
| 651 | 4 | _aBANGLADESH | |
| 690 | _aPROPERTY-RESIDENTIAL PROPERTY-RESIDENTIAL PROPERTY DEVELOPMENT | ||
| 700 | 1 | _aIslam, Kazi Saiful | |
| 856 | 4 | 0 |
_uhttps://www.rics.org/RICSWEB/getpage.aspx?p=iq7w0NgVskezQd4NxxcWMQ _zView the research free of charge at www.rics.org... |
| 942 | _n0 | ||
| 999 |
_c105019 _d105019 |
||